000 00486nam a2200181Ia 4500
008 230718s9999 xx 000 0 und d
020 _a9789350294314
041 _aeng
082 _a657.3
_bLAM
100 _aLamba A.
_9117815
245 _aRomancing The Balance Sheet
250 _aRevised + updated ed.
260 _c2018
_bHarper Business
300 _a238
365 _cRs.
_b799.00
700 _aLamba A.
_9117815
906 _dO:0645531-Jul-2019B:554630-Jul-2019
_cBIT
_b998.75
999 _c349819
_d349819